| 000 | 01265cam a2200241 4500 | ||
|---|---|---|---|
| 001 | ABS64588 | ||
| 008 | 010928n2001 000 0 eng u | ||
| 035 | _a(Sirsi) u114901 | ||
| 100 | _aLloyd, G. | ||
| 245 | _aPlanning for telecommunications-different signals | ||
| 260 | _c2001 | ||
| 490 |
_aTown & Country Planning _v70(9) September 2001, 254-255(2) |
||
| 520 | _aThe telecommunications industry is undergoing constant and sustained expansion, with significant impacts on the environment. With the introduction of the third generation (3G) technology, expected to begin in 2002, further rapid growth is expected. The greatest concentration of equipment will be in urban areas and major transport corridors, but rural areas are also likely to experience development pressures. In the light of this expected expansion examines the development of different regulatory and planning regimes for the development of telecommunications in Scotland and England and Wales. | ||
| 590 | _aABS | ||
| 650 | _aTELECOMMUNICATIONS INDUSTRY | ||
| 650 | _aDEVELOPMENT | ||
| 650 | _aSCOTLAND | ||
| 650 | _aENGLAND AND WALES | ||
| 690 | _aENVIRONMENTAL AND LAND CONSULTANCY-PLANNING AND DEVELOPMENT | ||
| 700 | _aRiley, J. | ||
| 700 | _aRoberts, P. | ||
| 942 | _n0 | ||
| 999 |
_c68421 _d68421 |
||